[Event "e2e4 Dublin Easter Masters"]
[Site "Dublin IRL"]
[Date "2012.04.06"]
[Round "2"]
[White "Loughran, John"]
[Black "Capitelli, Paolo"]
[Result "0-1"]
[WhiteElo "1899"]
[BlackElo "2122"]
[WhiteFideId "2501562"]
[BlackFideId "809330"]
[EventDate "2012.04.05"]

1. e4 c5 2. Nf3 e6 3. d4 cxd4 4. Nxd4 Nf6 5. Nc3 Nc6 6. Ndb5 Bb4 7. a3 Bxc3+ 8.
Nxc3 d5 9. Bd3 O-O 10. O-O d4 11. Ne2 e5 12. Ng3 Be6 13. f4 exf4 14. Rxf4 Nd7
15. Qh5 Nf6 16. Qe2 Ne5 17. Bd2 Ng6 18. Rf2 Ng4 19. Rff1 Qh4 20. h3 Qxg3 21.
hxg4 Bxg4 22. Qf2 Qxf2+ 23. Rxf2 Ne5 24. Rc1 Rac8 25. Bf4 f6 26. Bb5 a6 27. Ba4
Be6 28. Rd1 g5 29. Bg3 Ng4 30. Rfd2 b5 31. Bb3 Bxb3 32. cxb3 Rfd8 33. Bf2 d3 34.
Bb6 Rd6 35. Ba5 Rc2 36. Bc3 Kf7 37. Rf1 Rxd2 38. Bxd2 Re6 39. Re1 h5 40. g3 Rc6
41. Bc3 h4 42. gxh4 gxh4 43. Kg2 Rxc3 44. bxc3 d2 45. Rh1 Ne3+ 46. Kh3 d1=Q 47.
Rxd1 Nxd1 0-1

[Event "e2e4 Dublin Easter Masters"]
[Site "Dublin IRL"]
[Date "2012.04.06"]
[Round "2"]
[White "Fox, Anthony"]
[Black "Djuric, Olgica"]
[Result "1-0"]
[WhiteElo "2115"]
[BlackElo "1851"]
[WhiteFideId "2500736"]
[BlackFideId "943860"]
[EventDate "2012.04.05"]

1. e4 d5 2. exd5 Qxd5 3. Nc3 Qa5 4. d4 Nf6 5. Nf3 Nc6 6. Bb5 Ne4 7. Qd3 Nxc3 8.
bxc3 Bf5 9. Qxf5 Qxc3+ 10. Bd2 Qxa1+ 11. Ke2 Qxa2 12. Ne5 Qd5 13. c4 Qe6 14.
Qxe6 fxe6 15. Nxc6 Kf7 16. Ne5+ Kf6 17. h4 c5 18. Nd7+ Kf5 19. Nxc5 b6 20. Bc6
Rd8 21. Be4+ Kf6 22. Rh3 Rxd4 23. Rf3+ Ke5 24. Bf4+ 1-0

[Event "e2e4 Dublin Easter Masters"]
[Site "Dublin IRL"]
[Date "2012.04.06"]
[Round "2"]
[White "Puroila, Sippo"]
[Black "Omtvedt, Per"]
[Result "0-1"]
[WhiteElo "1886"]
[BlackElo "2100"]
[WhiteFideId "504572"]
[BlackFideId "1503235"]
[EventDate "2012.04.05"]

1. c4 c5 2. Nc3 Nc6 3. g3 g6 4. Bg2 Bg7 5. d3 b6 6. Nf3 Bb7 7. O-O Nf6 8. Rb1
O-O 9. Bd2 d5 10. Qc1 e6 11. Bg5 Qd7 12. Rd1 d4 13. Nb5 Rfe8 14. e4 e5 15. Rf1
a6 16. Na3 Nb4 17. Qd2 Nxa2 18. Nc2 a5 19. Ra1 Nb4 20. Nxb4 cxb4 21. b3 Qd6 22.
Ne1 Nd7 23. f4 f6 24. fxe5 fxe5 25. Nc2 Rf8 26. Bf3 Nc5 27. Rab1 Rf7 28. h4 Raf8
29. Qe2 Bc8 30. Bd2 h5 31. Ne1 Bg4 32. Rf2 Kh7 33. Rb2 Qe6 34. Bc1 Rf6 35. Bg5
R6f7 36. Qd1 Kg8 37. Bc1 Bxf3 38. Rxf3 Qg4 39. Kg2 Ne6 40. Rbf2 Rxf3 41. Rxf3
Rxf3 42. Qxf3 Qxf3+ 0-1

[Event "e2e4 Dublin Easter Masters"]
[Site "Dublin IRL"]
[Date "2012.04.06"]
[Round "2"]
[White "Healy, John"]
[Black "Hauge, Lars Oskar"]
[Result "0-1"]
[WhiteElo "1840"]
[BlackElo "2087"]
[WhiteFideId "2500965"]
[BlackFideId "1509276"]
[EventDate "2012.04.05"]

1. e4 c5 2. f4 e6 3. Nf3 Nc6 4. Bb5 Qc7 5. Bxc6 Qxc6 6. Nc3 b5 7. Qe2 b4 8. Nd5
Qb7 9. O-O exd5 10. exd5+ Kd8 11. Re1 Nf6 12. Ng5 d6 13. a3 b3 14. c4 h6 15. Nf3
Bg4 16. h3 Bxf3 17. Qxf3 a5 18. d3 Be7 19. Be3 Nd7 20. d4 Bf6 21. dxc5 Nxc5 22.
Bxc5 dxc5 23. Re2 Re8 24. Rae1 Rxe2 25. Rxe2 Kc7 26. g4 Rd8 27. Kg2 Kb8 28. Qd3
Qb6 29. g5 hxg5 30. fxg5 Bxg5 31. Qg3+ Rd6 0-1

[Event "e2e4 Dublin Easter Masters"]
[Site "Dublin IRL"]
[Date "2012.04.06"]
[Round "2"]
[White "Carlile, Orison"]
[Black "Kalaiyalahan, Akshaya"]
[Result "1-0"]
[WhiteElo "2048"]
[BlackElo "1640"]
[WhiteFideId "2504120"]
[BlackFideId "422894"]
[EventDate "2012.04.05"]

1. e4 c5 2. Nc3 e6 3. f4 d5 4. exd5 exd5 5. Bb5+ Nc6 6. Qe2+ Be7 7. Nf3 a6 8.
Bxc6+ bxc6 9. O-O Nf6 10. Re1 Ra7 11. Ne5 Qc7 12. b3 O-O 13. Bb2 h6 14. Qf2 Bf5
15. d3 Re8 16. Na4 d4 17. Ba3 Raa8 18. Bxc5 Bxc5 19. Nxc5 Red8 20. Nc4 Rd5 21.
b4 a5 22. a3 Qa7 23. Nb3 axb4 24. axb4 Qb7 25. Rxa8+ Qxa8 26. Nb6 Qd8 27. Nxd5
Qxd5 28. Qxd4 Qb5 29. Re5 1-0

[Event "e2e4 Dublin Easter Masters"]
[Site "Dublin IRL"]
[Date "2012.04.06"]
[Round "2"]
[White "Roneid, Heidi"]
[Black "Cafolla, Peter"]
[Result "1/2-1/2"]
[WhiteElo "1689"]
[BlackElo "2034"]
[WhiteFideId "1514431"]
[BlackFideId "2500884"]
[EventDate "2012.04.05"]

1. e4 c5 2. c3 d5 3. exd5 Qxd5 4. d4 Nc6 5. Nf3 Bg4 6. Be2 cxd4 7. cxd4 e6 8.
Nc3 Qa5 9. O-O Nf6 10. h3 Bh5 11. Bf4 Be7 12. Qd2 O-O 13. a3 Nd5 14. b4 Qd8 15.
Nxd5 Qxd5 16. Rfd1 a6 17. Rac1 b5 18. g4 Bg6 19. Ne5 Nxe5 20. dxe5 Qxd2 21. Rxd2
Be4 22. Rd7 Rfe8 23. Rcc7 Bd8 24. Ra7 Bb6 25. Rxa8 Rxa8 26. Bf1 Kf8 27. Bg2 Bxg2
28. Kxg2 Ra7 29. Rd3 Ke8 30. Be3 Bxe3 31. Rxe3 a5 32. Rd3 axb4 33. axb4 Rd7 34.
Rxd7 Kxd7 35. Kf3 Kc6 36. Ke4 g5 37. f3 h6 1/2-1/2

[Event "e2e4 Dublin Easter Masters"]
[Site "Dublin IRL"]
[Date "2012.04.06"]
[Round "3"]
[White "Wall, Gavin"]
[Black "Ernst, Sipke"]
[Result "1-0"]
[WhiteTitle "IM"]
[BlackTitle "GM"]
[WhiteElo "2330"]
[BlackElo "2578"]
[WhiteFideId "2501244"]
[BlackFideId "1004689"]
[EventDate "2012.04.05"]

1. e4 e5 2. Nf3 Nc6 3. Bc4 Bc5 4. c3 Nf6 5. d3 a6 6. O-O Ba7 7. Be3 O-O 8. Nbd2
d6 9. Bb3 Kh8 10. Bxa7 Rxa7 11. d4 Bg4 12. h3 Bxf3 13. Nxf3 exd4 14. Nxd4 Ne5
15. f4 Ned7 16. Qf3 c6 17. Rad1 Qb6 18. Kh2 Nc5 19. Rfe1 Raa8 20. Nf5 Ne8 21.
Qf2 Rd8 22. e5 d5 23. c4 d4 24. Nxd4 Ne6 25. Re4 g6 26. Rd2 Nc5 27. Ree2 Ng7 28.
g4 Nge6 29. Nxe6 fxe6 30. Rxd8 Rxd8 31. f5 Rf8 32. f6 Qa5 33. Qe3 Kg8 34. Rd2
Ne4 35. Re2 Nc5 36. Kg2 Rd8 37. Bc2 Rd7 38. a3 1-0

[Event "e2e4 Dublin Easter Masters"]
[Site "Dublin IRL"]
[Date "2012.04.06"]
[Round "3"]
[White "Eggleston, David J"]
[Black "Romero Holmes, Alfonso"]
[Result "0-1"]
[WhiteTitle "FM"]
[BlackTitle "GM"]
[WhiteElo "2327"]
[BlackElo "2501"]
[WhiteFideId "412120"]
[BlackFideId "2200066"]
[EventDate "2012.04.05"]

1. e4 c5 2. Nf3 d6 3. d4 cxd4 4. Nxd4 Nf6 5. Nc3 a6 6. Be2 g6 7. Be3 Bg7 8. O-O
O-O 9. f4 Nbd7 10. Nb3 b5 11. e5 dxe5 12. Bf3 exf4 13. Bxf4 Bb7 14. Bxb7 Qb6+
15. Qd4 Qxb7 16. Na5 Qb6 17. Qxb6 Nxb6 18. Nc6 Nfd5 19. Rad1 Bxc3 20. bxc3 Rac8
21. Ne5 Nxf4 22. Rxf4 Rxc3 23. Rdf1 f6 24. R4f2 Rfc8 25. Nd3 Nd5 26. Re1 Rxc2
27. Rxc2 Rxc2 28. Re6 Rxa2 0-1

[Event "e2e4 Dublin Easter Masters"]
[Site "Dublin IRL"]
[Date "2012.04.06"]
[Round "3"]
[White "Kvisvik, Brede"]
[Black "Gourlay, Iain"]
[Result "1-0"]
[WhiteTitle "FM"]
[BlackTitle "FM"]
[WhiteElo "2304"]
[BlackElo "2351"]
[WhiteFideId "1502999"]
[BlackFideId "2401533"]
[EventDate "2012.04.05"]

1. e4 c5 2. Nf3 e6 3. d4 cxd4 4. Nxd4 Nc6 5. Nc3 Qc7 6. Be3 a6 7. Qd2 Nf6 8. f3
Bb4 9. O-O-O O-O 10. g4 b5 11. a3 Be7 12. g5 Ne8 13. Bf4 Ne5 14. Kb1 Bb7 15. Bg3
d6 16. f4 Nc4 17. Bxc4 Qxc4 18. f5 e5 19. f6 Bd8 20. Nf5 Bxe4 21. fxg7 Bxf5 22.
gxf8=Q+ Kxf8 23. Rhf1 Bg6 24. h4 Rc8 25. Qd5 Qg4 26. Rg1 Qf5 27. Rg2 Bb6 28. Be1
Bd4 29. h5 Bxh5 30. Rxd4 Qf1 31. Rd1 Bf3 32. Rf2 Qxf2 33. Bxf2 Bxd5 34. Nxd5 Rc4
35. Nf6 Rf4 36. Bg3 Rf3 37. Bxe5 dxe5 38. Rd8 Rxf6 39. gxf6 h5 40. a4 h4 41.
axb5 axb5 42. Kc1 h3 43. Rd3 h2 44. Rh3 Nxf6 45. Rxh2 Ke7 46. Kd2 Nd5 47. Rh6 f6
48. c3 Ke6 49. Rh7 Ne7 50. Rh8 Nf5 51. Re8+ Kd5 52. Rf8 Nd6 53. Kd3 f5 54. b3 f4
55. Ke2 Ke4 56. Rf6 Nf5 57. Rb6 Ng3+ 58. Kf2 Kd3 59. Rxb5 e4 60. c4 Ne2 61. Rd5+
Nd4 62. c5 e3+ 63. Ke1 f3 64. c6 e2 65. Kf2 Ke4 66. Rxd4+ 1-0

[Event "e2e4 Dublin Easter Masters"]
[Site "Dublin IRL"]
[Date "2012.04.06"]
[Round "3"]
[White "Gormally, Daniel W"]
[Black "Short, Philip M"]
[Result "1-0"]
[WhiteTitle "GM"]
[BlackTitle "FM"]
[WhiteElo "2520"]
[BlackElo "2282"]
[WhiteFideId "406465"]
[BlackFideId "2500086"]
[EventDate "2012.04.05"]

1. d4 d5 2. c4 c6 3. Nf3 Nf6 4. Nc3 dxc4 5. e4 b5 6. e5 Nd5 7. a4 Nxc3 8. bxc3
e6 9. Ng5 Qc7 10. Qg4 Bb7 11. Be2 Nd7 12. Qh5 g6 13. Qf3 Nb6 14. Qf6 Rg8 15.
Nxe6 Qd7 16. Nxf8 Rxf8 17. Bf3 Nd5 18. Bxd5 Qxd5 19. O-O c5 20. f3 b4 21. Bh6
bxc3 22. dxc5 Rg8 23. e6 fxe6 24. Rfe1 Bc8 25. Bg5 Qxc5+ 26. Kh1 1-0

[Event "e2e4 Dublin Easter Masters"]
[Site "Dublin IRL"]
[Date "2012.04.06"]
[Round "3"]
[White "Bjerke, Silje"]
[Black "Hebden, Mark L"]
[Result "0-1"]
[WhiteTitle "WIM"]
[BlackTitle "GM"]
[WhiteElo "2238"]
[BlackElo "2514"]
[WhiteFideId "1502786"]
[BlackFideId "400084"]
[EventDate "2012.04.05"]

1. e4 e5 2. Nf3 Nc6 3. Bc4 Nf6 4. d3 Be7 5. O-O O-O 6. Bb3 d6 7. c3 Na5 8. Bc2
c5 9. a3 Nc6 10. b4 a6 11. Re1 Re8 12. h3 h6 13. Be3 cxb4 14. axb4 Be6 15. d4
exd4 16. Nxd4 Bd7 17. Nd2 Bf8 18. Bb3 Rc8 19. Qb1 Nxd4 20. cxd4 Bb5 21. Ba4 Bxa4
22. Rxa4 Qd7 23. Ra5 d5 24. e5 Ne4 25. Nxe4 dxe4 26. Qb3 Be7 27. b5 Bd8 28. Raa1
a5 29. b6 Ra8 30. Qc2 Qd5 31. Qc5 Qxc5 32. dxc5 Rxe5 33. c6 Rb5 34. Reb1 bxc6
35. Rxb5 cxb5 36. b7 Rb8 37. Rc1 Rxb7 38. Rc8 b4 39. Rxd8+ Kh7 40. Bd4 a4 41.
Ra8 Rd7 42. Bc5 b3 43. Ba3 Rd1+ 44. Kh2 Ra1 45. Bb2 Ra2 46. Bc1 Rc2 47. Ba3 Rxf2
48. Rxa4 Ra2 49. Rxe4 Rxa3 50. Rb4 Kg6 51. Rb7 Kf6 52. Kg3 Ke5 53. Kg4 Kd4 54.
Rxf7 b2 55. Rb7 Kc3 56. Rc7+ Kd2 57. Rb7 Kc2 58. Rc7+ Rc3 0-1

[Event "e2e4 Dublin Easter Masters"]
[Site "Dublin IRL"]
[Date "2012.04.06"]
[Round "3"]
[White "Valeanu, Eduard-Andrei"]
[Black "Rudd, Jack"]
[Result "1-0"]
[BlackTitle "IM"]
[WhiteElo "2461"]
[BlackElo "2303"]
[WhiteFideId "1212168"]
[BlackFideId "405736"]
[EventDate "2012.04.05"]

1. e4 c5 2. Nf3 d6 3. d4 cxd4 4. Nxd4 Nf6 5. Nc3 a6 6. Bg5 e6 7. f4 Be7 8. Qe2
Nbd7 9. O-O-O Qc7 10. g4 b5 11. a3 Rb8 12. Bg2 b4 13. axb4 Rxb4 14. e5 dxe5 15.
Nc6 h6 16. Bxf6 gxf6 17. Nxb4 Bxb4 18. Na2 Be7 19. f5 Nc5 20. fxe6 Bxe6 21. Bd5
Nb3+ 22. Bxb3 Bxb3 23. Nc3 Be6 24. Qxa6 O-O 25. Nd5 Bxd5 26. Rxd5 e4 27. Qa4
Qf4+ 28. Kb1 Qxg4 29. Qa7 Qe6 30. Rg1+ Kh7 31. Rh5 f5 32. Qf2 e3 33. Qxf5+ Qxf5
34. Rxf5 Bh4 35. Rg2 f6 36. Kc1 Bg5 37. Kd1 Kg6 38. Rf1 Kh5 39. Ke2 Kh4 40. Kf3
f5 41. Rd1 Rb8 42. Rd4+ Kh5 43. h4 Bf6 44. Rd5 Bxh4 45. Rxf5+ Bg5 46. c4 Rb3 47.
Rb5 Rd3 48. Rd5 Rb3 49. Ke4 Kh4 50. Rb5 1-0

[Event "e2e4 Dublin Easter Masters"]
[Site "Dublin IRL"]
[Date "2012.04.06"]
[Round "3"]
[White "Longson, Alexander"]
[Black "Nemeth, Miklos1"]
[Result "1/2-1/2"]
[BlackTitle "IM"]
[WhiteElo "2267"]
[BlackElo "2452"]
[WhiteFideId "408093"]
[BlackFideId "720232"]
[EventDate "2012.04.05"]

1. e4 e5 2. Nf3 Nc6 3. Bb5 a6 4. Ba4 Nf6 5. O-O b5 6. Bb3 Be7 7. Re1 d6 8. c3
O-O 9. h3 Re8 10. Ng5 Rf8 11. Nf3 h6 12. d3 Re8 13. Nbd2 Bf8 14. Nf1 g6 15. Ng3
Bg7 16. d4 Bb7 17. d5 Na5 18. Bc2 c6 19. dxc6 Bxc6 20. Nh2 Qe7 21. a4 h5 22. Nf3
Qc7 23. Bg5 Nh7 24. axb5 axb5 25. Bc1 Rad8 26. Qe2 Nf8 27. Nf1 Ne6 28. g3 Nb7
29. Ng5 Qc8 30. b4 Nxg5 31. Bxg5 f6 32. Bd2 Qxh3 33. Bd3 Qd7 34. Ra6 Re7 35. c4
bxc4 36. Bxc4+ d5 37. b5 dxc4 38. Rxc6 Qd3 39. Bb4 Red7 1/2-1/2

[Event "e2e4 Dublin Easter Masters"]
[Site "Dublin IRL"]
[Date "2012.04.06"]
[Round "3"]
[White "McMahon, Daire"]
[Black "Bae, Torstein"]
[Result "0-1"]
[WhiteTitle "FM"]
[BlackTitle "IM"]
[WhiteElo "2212"]
[BlackElo "2413"]
[WhiteFideId "2500477"]
[BlackFideId "1501887"]
[EventDate "2012.04.05"]

1. d4 Nf6 2. c4 c5 3. d5 b5 4. cxb5 a6 5. b6 Qxb6 6. Nc3 d6 7. Nf3 g6 8. Nd2 Bg7
9. e4 O-O 10. Be2 Nbd7 11. Nc4 Qc7 12. O-O Nb6 13. Ne3 e6 14. dxe6 fxe6 15. a4
Bb7 16. a5 Nbd7 17. f3 Rfe8 18. Qb3 Kh8 19. Ncd1 Rab8 20. Qc2 Rbd8 21. Ra3 Ne5
22. Nc4 Nxc4 23. Bxc4 d5 24. Be2 c4 25. Be3 d4 0-1

[Event "e2e4 Dublin Easter Masters"]
[Site "Dublin IRL"]
[Date "2012.04.06"]
[Round "3"]
[White "Astaneh Lopez, Alex"]
[Black "Firstov, Juri"]
[Result "1-0"]
[WhiteTitle "IM"]
[WhiteElo "2400"]
[BlackElo "2264"]
[WhiteFideId "2501430"]
[BlackFideId "4501233"]
[EventDate "2012.04.05"]

1. e4 b6 2. Nc3 e6 3. Nf3 Bb7 4. a3 d5 5. exd5 exd5 6. d4 Nf6 7. Bb5+ c6 8. Bd3
Be7 9. O-O O-O 10. Re1 Re8 11. Ne2 Ba6 12. Bxa6 Nxa6 13. Ng3 Nd7 14. Bf4 Nc7 15.
Nf5 Ne6 16. Bg3 Ng5 17. Nxg5 Bxg5 18. Qg4 Rxe1+ 19. Rxe1 h5 20. Qf3 g6 21. Nd6
Qf6 22. Qd3 h4 23. Ne8 Qd8 24. Bc7 Qc8 25. Qf3 Nf8 26. Nf6+ Bxf6 27. Qxf6 Qf5
28. Qxh4 g5 29. Qg3 Ne6 30. c3 Re8 31. Bb8 a6 32. h4 Rc8 33. Bd6 Kh7 34. Re5
Qb1+ 35. Kh2 Rg8 36. Qf3 Rg7 37. hxg5 Kg8 38. Rxe6 fxe6 39. Qf8+ Kh7 40. Be5
Rxg5 41. Qf7+ Kh6 42. Bf4 Qg6 43. Qxg6+ Kxg6 44. Bxg5 Kxg5 45. Kg3 Kf5 46. Kf3
e5 47. g4+ Ke6 48. dxe5 Kxe5 49. Ke3 1-0

[Event "e2e4 Dublin Easter Masters"]
[Site "Dublin IRL"]
[Date "2012.04.06"]
[Round "3"]
[White "Mihajlov, Sebastian"]
[Black "Brady, Stephen"]
[Result "0-1"]
[BlackTitle "FM"]
[WhiteElo "2053"]
[BlackElo "2383"]
[WhiteFideId "1512110"]
[BlackFideId "2500124"]
[EventDate "2012.04.05"]

1. d4 Nf6 2. c4 e6 3. Nf3 b6 4. g3 Ba6 5. b3 b5 6. Bg2 bxc4 7. Ne5 Bb4+ 8. Bd2
cxb3 9. Qxb3 Bxd2+ 10. Nxd2 d5 11. Qa4+ c6 12. Rc1 Bb5 13. Qc2 O-O 14. O-O Bxe2
15. Rfe1 Bb5 16. a4 Ba6 17. Nxc6 Nxc6 18. Qxc6 Bd3 19. Nb3 Qb6 20. Qc3 Bc4 21.
Rb1 Bxb3 22. Rxb3 Rfc8 23. Qxc8+ Rxc8 24. Rxb6 axb6 25. Rb1 Nd7 26. Bf1 g5 27.
Bb5 Nf6 28. Ba6 Rc6 29. Bb5 Rc2 30. Ba6 Ra2 31. Bb5 Ne4 32. Bd7 g4 33. Rf1 Nd2
34. Rd1 Nf3+ 35. Kh1 Rxf2 0-1

[Event "e2e4 Dublin Easter Masters"]
[Site "Dublin IRL"]
[Date "2012.04.06"]
[Round "3"]
[White "Williams, Simon K"]
[Black "Hauge, Lars Oskar"]
[Result "1-0"]
[WhiteTitle "GM"]
[WhiteElo "2506"]
[BlackElo "2087"]
[WhiteFideId "404454"]
[BlackFideId "1509276"]
[EventDate "2012.04.05"]

1. e4 c5 2. d3 g6 3. f4 Bg7 4. Nf3 e6 5. Be2 Ne7 6. O-O Nbc6 7. Qe1 d5 8. Kh1 f5
9. e5 b5 10. c3 Rb8 11. Qf2 c4 12. Be3 O-O 13. Bc5 Ba6 14. b4 h6 15. Na3 Rf7 16.
Nc2 Nc8 17. Qg3 Kh7 18. Qh3 Kg8 19. Rad1 Bf8 20. Ncd4 Nxd4 21. Nxd4 Rb6 22. dxc4
bxc4 23. Bxb6 Qxb6 24. a4 Re7 25. g4 Bb7 26. gxf5 exf5 27. a5 Qd8 28. Rg1 1-0

[Event "e2e4 Dublin Easter Masters"]
[Site "Dublin IRL"]
[Date "2012.04.06"]
[Round "3"]
[White "Alfredsen, John Rune"]
[Black "Quinn, Mark"]
[Result "0-1"]
[BlackTitle "IM"]
[WhiteElo "2077"]
[BlackElo "2398"]
[WhiteFideId "1507184"]
[BlackFideId "2500450"]
[EventDate "2012.04.05"]

1. e4 c5 2. Nf3 e6 3. d4 cxd4 4. Nxd4 a6 5. c4 Nf6 6. Bd3 Nc6 7. Nxc6 dxc6 8.
O-O e5 9. Qc2 Bc5 10. Nd2 Nh5 11. Nb3 Bb6 12. c5 Bc7 13. Be2 Nf4 14. Bxf4 exf4
15. Rad1 Qf6 16. Nd2 Be6 17. Bc4 O-O 18. Bxe6 Qxe6 19. Qc4 Rfe8 20. Qxe6 Rxe6
21. f3 b5 22. cxb6 Bxb6+ 23. Kh1 Bd4 24. Nc4 c5 25. b4 g6 26. Rd3 Rb8 27. a3 Rb5
28. Rb1 Bf6 29. Rdb3 Be7 30. bxc5 Rxc5 31. Nb6 Rec6 32. g3 fxg3 33. hxg3 Rh5+
34. Kg1 Rc2 35. Nd7 Rhh2 36. e5 Rcg2+ 37. Kf1 Rxg3 38. Nf6+ Kg7 39. Ne8+ Kh6 40.
Nf6 Bxf6 41. exf6 Rxf3+ 0-1

[Event "e2e4 Dublin Easter Masters"]
[Site "Dublin IRL"]
[Date "2012.04.06"]
[Round "3"]
[White "Csonka, Attila Istvan"]
[Black "Mihajlov, Svetoslav"]
[Result "1-0"]
[WhiteTitle "IM"]
[WhiteElo "2384"]
[BlackElo "2093"]
[WhiteFideId "716529"]
[BlackFideId "1507168"]
[EventDate "2012.04.05"]

1. e4 e5 2. Nf3 Nc6 3. c3 f5 4. d4 fxe4 5. Nxe5 Nxe5 6. dxe5 d5 7. exd6 Bxd6 8.
Qa4+ Bd7 9. Qxe4+ Ne7 10. Bc4 b5 11. Be6 Bxe6 12. Qxe6 Qd7 13. Qxd7+ Kxd7 14.
O-O c5 15. Nd2 Ng6 16. Ne4 Rhe8 17. Nxd6 Kxd6 18. Be3 Kc6 19. b4 c4 20. a4 a6
21. Ra2 Ne7 22. Rfa1 Kb7 23. axb5 axb5 24. Ra7+ Rxa7 25. Rxa7+ Kc6 26. Ra6+ Kd7
27. Kf1 Nd5 28. Bd4 g6 29. g3 Nc7 30. Ra7 Ra8 31. Rxa8 Nxa8 32. f4 Ke6 33. Ke2
Nc7 34. Kf3 Kd5 35. g4 Ne6 36. Bf6 Nf8 37. f5 h5 38. Bg7 hxg4+ 39. Kxg4 gxf5+
40. Kxf5 Ne6 41. Bf6 Nf8 42. h4 1-0

[Event "e2e4 Dublin Easter Masters"]
[Site "Dublin IRL"]
[Date "2012.04.06"]
[Round "3"]
[White "Daly, Colm"]
[Black "Carlile, Orison"]
[Result "1-0"]
[WhiteTitle "FM"]
[WhiteElo "2285"]
[BlackElo "2048"]
[WhiteFideId "2500434"]
[BlackFideId "2504120"]
[EventDate "2012.04.05"]

1. e4 e6 2. d4 d5 3. Nc3 Bb4 4. e5 Ne7 5. a3 Bxc3+ 6. bxc3 c5 7. Nf3 Nbc6 8. a4
Qa5 9. Bd2 c4 10. h4 Bd7 11. h5 h6 12. g3 O-O-O 13. Bh3 Qc7 14. O-O f5 15. Nh4
Be8 16. Kh2 g5 17. hxg6 Nxg6 18. Nxg6 Bxg6 19. Rh1 Qf7 20. Bg2 Ne7 21. Kg1 f4
22. Bxf4 Rdf8 23. Qd2 h5 24. Bg5 Rh7 25. Bxe7 Qxe7 26. Rh4 Rhf7 27. f4 Rg7 28.
Kf2 Rfg8 29. Rah1 Be8 30. f5 Rxg3 31. Bf3 Rxf3+ 32. Kxf3 exf5 33. Qh6 Bxa4 34.
Qxh5 Bxc2 35. Qh8 Be4+ 36. Kf2 Rxh8 37. Rxh8+ Kd7 38. R1h7 f4 39. Rxe7+ Kxe7 40.
Rb8 b6 41. Rb7+ Ke6 42. Rxa7 b5 43. Rb7 b4 44. Rxb4 Ke7 45. Rb6 f3 46. Rf6 Kd7
47. Kg3 Ke7 48. Kh4 Kd7 49. Kg5 Ke7 50. Kh6 Kd7 51. Kg7 Ke7 52. Kg8 1-0

[Event "e2e4 Dublin Easter Masters"]
[Site "Dublin IRL"]
[Date "2012.04.06"]
[Round "3"]
[White "Fitzsimons, David"]
[Black "Harstad, Christian"]
[Result "1-0"]
[WhiteElo "2257"]
[BlackElo "2029"]
[WhiteFideId "2501961"]
[BlackFideId "1504045"]
[EventDate "2012.04.05"]

1. e4 e5 2. Nf3 Nc6 3. Bc4 Nf6 4. d3 Be7 5. O-O O-O 6. Bb3 d6 7. c3 Na5 8. Bc2
c5 9. a3 Nc6 10. b4 Qc7 11. h3 a6 12. Be3 cxb4 13. axb4 Be6 14. Ng5 Rac8 15.
Nxe6 fxe6 16. Bb3 Qd7 17. Nd2 Kh8 18. Nc4 Bd8 19. Nb6 Bxb6 20. Bxb6 d5 21. Qe2
d4 22. cxd4 Nxd4 23. Qa2 Rc3 24. Ba4 Qf7 25. f4 Qh5 26. Bd1 Qg6 27. Qd2 Rfc8 28.
fxe5 Nc2 29. exf6 Nxa1 30. f7 1-0

[Event "e2e4 Dublin Easter Masters"]
[Site "Dublin IRL"]
[Date "2012.04.06"]
[Round "3"]
[White "Salomon, Johan"]
[Black "Bomans, Arno"]
[Result "0-1"]
[WhiteElo "1996"]
[BlackElo "2228"]
[WhiteFideId "1509500"]
[BlackFideId "206024"]
[EventDate "2012.04.05"]

1. Nf3 d5 2. c4 c6 3. g3 Nf6 4. Bg2 dxc4 5. Qc2 b5 6. b3 cxb3 7. axb3 Bb7 8. Bb2
e6 9. O-O Be7 10. Ne5 Qb6 11. d4 O-O 12. Nd2 Nfd7 13. Ne4 f5 14. Nd2 Nxe5 15.
dxe5 c5 16. e4 f4 17. Qd3 Na6 18. gxf4 Rxf4 19. Qg3 Raf8 20. Bc1 Bh4 21. Qd3
Rxf2 22. Kh1 Rxf1+ 23. Nxf1 Nb4 24. Qh3 Be7 25. Qg3 c4 26. bxc4 bxc4 27. Bh6 Rf7
28. Ne3 Nd3 29. h3 Bxe4 30. Nxc4 Qf2 31. Qxf2 Nxf2+ 32. Kg1 gxh6 33. Rxa7 Bxg2
34. Kxg2 Ne4 35. Ra6 Bc5 36. Rc6 Rf2+ 37. Kh1 Bd4 38. Rc8+ Kg7 39. Rc7+ Kg6 40.
Re7 Ng3+ 41. Kg1 Rf7+ 0-1

[Event "e2e4 Dublin Easter Masters"]
[Site "Dublin IRL"]
[Date "2012.04.06"]
[Round "3"]
[White "Freeman, Gordon"]
[Black "Keogh, Eamon"]
[Result "1-0"]
[WhiteElo "2157"]
[BlackElo "2002"]
[WhiteFideId "2501309"]
[BlackFideId "2500264"]
[EventDate "2012.04.05"]

1. e4 e5 2. Nf3 Nc6 3. Nc3 d6 4. Bc4 Bg4 5. h3 Bh5 6. Nxe5 Nxe5 7. Qxh5 Nf6 8.
Qe2 Nxc4 9. Qxc4 c6 10. d4 Be7 11. O-O O-O 12. e5 dxe5 13. dxe5 Nd7 14. e6 Ne5
15. exf7+ Rxf7 16. Qe6 Qc7 17. Be3 Ng6 18. Rad1 Qa5 19. Ne4 Rd8 20. Rxd8+ Qxd8
21. f4 Qd5 22. Qxd5 cxd5 23. Nc3 d4 24. Bxd4 Nxf4 25. Bxa7 Bb4 26. Re1 Bxc3 27.
Re8+ Rf8 28. Rxf8+ Kxf8 29. bxc3 Ne2+ 30. Kf2 Nxc3 31. Ke3 Kf7 32. Kd3 Nd5 33.
Kd4 Ke6 34. Kc5 Nf4 35. Kb6 Kd5 36. a4 Nxg2 37. Kxb7 Ne1 38. c3 Nc2 39. Bd4 g5
40. Bf6 h6 41. a5 Na3 42. a6 Nb5 43. a7 Nxa7 44. Kxa7 Ke6 45. c4 Kxf6 46. c5 h5
47. c6 g4 48. hxg4 hxg4 49. c7 Kg5 50. c8=Q Kh4 51. Qh8+ Kg3 52. Kb6 Kg2 53. Kc5
g3 54. Kd4 Kf2 55. Qf6+ Kg1 56. Ke3 Kh1 57. Qh4+ 1-0

[Event "e2e4 Dublin Easter Masters"]
[Site "Dublin IRL"]
[Date "2012.04.06"]
[Round "3"]
[White "Madynski, Pawel"]
[Black "Christiansen, Johan-Sebastian"]
[Result "0-1"]
[WhiteElo "2128"]
[BlackElo "1938"]
[WhiteFideId "1108751"]
[BlackFideId "1512668"]
[EventDate "2012.04.05"]

1. Nc3 d5 2. e4 d4 3. Nce2 c5 4. d3 g6 5. f4 Bg7 6. g3 b6 7. Bg2 Bb7 8. g4 e6 9.
Ng3 Ne7 10. Qe2 Nd7 11. Bd2 Rc8 12. Nf3 b5 13. e5 Nb6 14. h4 c4 15. h5 cxd3 16.
Qxd3 Qd7 17. O-O-O Nc4 18. Kb1 a5 19. Bc1 Bd5 20. b3 Qb7 21. Qe2 Nc6 22. hxg6
fxg6 23. Ne1 Nb4 24. Ne4 Rc6 25. bxc4 bxc4 26. Rxd4 Bxe4 27. Bxe4 Nd5+ 28. Ka1
Rb6 29. c3 Nxc3 30. Qc2 Nxe4 31. Qxe4 Qe7 32. Rxc4 O-O 33. Nc2 Rfb8 34. Ba3 Qd7
35. Qd4 Qb7 36. Qg1 Qd5 37. Rd4 Qf3 38. Qe1 Bf8 39. Bxf8 Rb2 40. Ne3 Re2 41. Qh4
Rxa2+ 42. Kxa2 Qe2+ 43. Ka3 Qb2+ 44. Ka4 Qb5+ 0-1